Výnosy na denních trzích se výrazně liší napříč státy i zdroji

Ceny elektriny na denných európskych trhoch prekonali v posledných piatich rokoch búrlivý vývoj. Podrobný prieskum šiestich európskych trhov naznačuje, že rôzny typy zdrojov umiestených v rámci týchto štátov dosahovali v rokoch 2019-2024 značne nerovnomerné výnosy.

Salvato in:
Dettagli Bibliografici
Autore principale: Vítek, Miroslav
Natura: Capitolo di libro
Lingua:ceco
Soggetti:
Tags: Aggiungi Tag
Nessun Tag, puoi essere il primo ad aggiungerne!!

MARC

LEADER 00000naa a2200000 4500
001 0312213
005 20250912122059.8
041 0 |a cze 
044 |a CZ 
245 1 0 |a Výnosy na denních trzích se výrazně liší napříč státy i zdroji  |c Miroslav Vítek 
520 |a Ceny elektriny na denných európskych trhoch prekonali v posledných piatich rokoch búrlivý vývoj. Podrobný prieskum šiestich európskych trhov naznačuje, že rôzny typy zdrojov umiestených v rámci týchto štátov dosahovali v rokoch 2019-2024 značne nerovnomerné výnosy. 
610 2 0 |a výnosy 
610 2 0 |a ceny 
610 2 0 |a energetika 
610 2 0 |a trh energetický 
610 2 0 |a porovnanie štatistické medzinárodné 
100 1 |a Vítek, Miroslav